[Event "Naturns - Arci"]
[Site "?"]
[Date "2016.11.19"]
[Round "2.3"]
[White "Reyna Hernandez, Sandor"]
[Black "Gurschler, Thomas"]
[Result "1-0"]
[WhiteElo "1865"]
[BlackElo "1865"]
[PlyCount "81"]
[EventDate "2016.11.19"]

1. d4 g6 2. e4 Bg7 3. Nf3 c6 4. a4 d5 5. exd5 cxd5 6. h3 Nf6 7. Bd3 Nc6 8. c3
O-O 9. O-O Bd7 10. Re1 Rc8 11. Nbd2 a5 12. Qb3 Qc7 13. Nf1 e6 14. Ng3 Ne7 15.
Bd2 Bc6 16. Ne5 Qd8 17. Bg5 Qd6 18. Qb6 Qd8 19. Qb3 Qd6 20. Bf4 Qd8 21. Ng4
Nxg4 22. hxg4 h6 23. Qd1 Kh8 24. Qc1 Ng8 25. f3 g5 26. Bd2 Bf6 27. Nh5 Be7 28.
Qd1 Bd7 29. Qe2 f5 30. Qe5+ Bf6 31. Nxf6 Qxf6 32. Qd6 Qe7 33. Qe5+ Qf6 34. gxf5
Qxe5 35. Rxe5 Rce8 36. fxe6 Bxe6 37. Bb5 Re7 38. Rae1 Rf6 39. c4 dxc4 40. d5
Bxd5 41. Rxd5 1-0

[Event "Naturns - Arci"]
[Site "?"]
[Date "2016.11.19"]
[Round "2.4"]
[White "Naegele, Norbert"]
[Black "Rinaldo, Gaetano"]
[Result "0-1"]
[WhiteElo "1856"]
[BlackElo "1856"]
[PlyCount "92"]
[EventDate "2016.11.19"]

1. e4 e6 2. d3 b6 3. g3 Bb7 4. Bg2 c5 5. Nf3 Nf6 6. Nbd2 Be7 7. O-O d5 8. Re1
dxe4 9. dxe4 Nxe4 10. Qe2 Nxd2 11. Bxd2 O-O 12. Rad1 Qc8 13. Bc3 Nd7 14. h4 Nf6
15. Qe5 Rd8 16. Ng5 Rxd1 17. Rxd1 Bxg2 18. Kxg2 Qb7+ 19. Kg1 Rd8 20. Rxd8+ Bxd8
21. Qe2 h6 22. Nf3 Qe4 23. Qd1 Qd5 24. Qxd5 Nxd5 25. Bd2 Bf6 26. c3 Kf8 27. Kf1
b5 28. Ke2 Ke7 29. Kd3 Kd6 30. b3 Kc6 31. c4 Nb4+ 32. Bxb4 cxb4 33. cxb5+ Kxb5
34. Nd2 h5 35. Ne4 Be7 36. Nd2 f6 37. f3 g5 38. Ne4 a5 39. Kd4 gxh4 40. gxh4 f5
41. Ng5 Bf6+ 42. Ke3 e5 43. Kd3 Kc5 44. Ke3 Kd5 45. f4 exf4+ 46. Kxf4 Bxg5+ 0-1

[Event "Naturns - Arci"]
[Site "?"]
[Date "2016.11.19"]
[Round "2.5"]
[White "Benvenuto, Alexander"]
[Black "Gurschler, Gregor"]
[Result "0-1"]
[WhiteElo "1595"]
[BlackElo "1595"]
[PlyCount "92"]
[EventDate "2016.11.19"]

1. d4 d6 2. Nf3 g6 3. c4 Bg7 4. Nc3 c5 5. dxc5 Qa5 6. Qa4+ Qxa4 7. Nxa4 Bd7 8.
Nc3 Bxc3+ 9. bxc3 dxc5 10. Bf4 Nc6 11. a3 f6 12. h3 e5 13. Bh2 Nh6 14. e4 Nf7
15. g4 g5 16. O-O-O Ke7 17. Ne1 Nd6 18. f3 Na5 19. Nd3 Ba4 20. Re1 b6 21. Nb2
Bd7 22. h4 h6 23. Bg1 Be6 24. Re2 Naxc4 25. Reh2 Nxb2 26. Kxb2 Rhg8 27. hxg5
hxg5 28. Rh7+ Nf7 29. a4 Rad8 30. Kc1 Rd6 31. Be2 Bb3 32. a5 Rgd8 33. Be3 Rc8
34. axb6 axb6 35. c4 Ra8 36. R1h2 Ra4 37. Kb2 Bxc4 38. Bxc4 Rxc4 39. Rd2 Rxd2+
40. Bxd2 Rd4 41. Kc3 Rd7 42. Rh1 Rd6 43. Be3 Kd7 44. Ra1 Kc6 45. Kc2 Rd7 46.
Ra8 Nd6 0-1

[Event "Naturns - Arci"]
[Site "?"]
[Date "2016.11.19"]
[Round "2.6"]
[White "Naegele, Raimund"]
[Black "D'Ambrosio, Luca"]
[Result "0-1"]
[WhiteElo "1696"]
[BlackElo "1696"]
[PlyCount "70"]
[EventDate "2016.11.19"]

1. d4 d5 2. Nf3 Nf6 3. g3 Bf5 4. Bg2 Nbd7 5. O-O e6 6. Nbd2 h6 7. c4 c6 8. b3
Ne4 9. Bb2 Bb4 10. Nxe4 Bxe4 11. a3 Be7 12. Qd2 O-O 13. Rac1 Qb6 14. b4 dxc4
15. Rxc4 Bd5 16. Rcc1 a5 17. bxa5 Rxa5 18. Ra1 Rfa8 19. Ne5 Nxe5 20. dxe5 Bxa3
21. Bd4 Qc7 22. Rfb1 b5 23. Qe3 c5 24. Bc3 b4 25. Bd2 c4 26. Rd1 Bxg2 27. Kxg2
c3 28. Bc1 Bxc1 29. Raxc1 Rxe5 30. Qf3 Rb8 31. Rd3 Qb7 32. Rd8+ Kh7 33. Rxb8
Qxb8 34. Qxf7 Rxe2 35. Qf3 Qe5 0-1

[Event "Naturns2 - Lana"]
[Site "?"]
[Date "2016.11.19"]
[Round "2.5"]
[White "Del Rosso, Peter"]
[Black "Amort, Thomas"]
[Result "1-0"]
[WhiteElo "1491"]
[BlackElo "1491"]
[PlyCount "55"]
[EventDate "2016.11.19"]

1. b4 c6 2. Bb2 d5 3. e3 Bf5 4. Nf3 Nf6 5. a4 a6 6. c4 e6 7. cxd5 cxd5 8. b5
Bd6 9. Be2 O-O 10. O-O a5 11. d3 b6 12. Nbd2 Nbd7 13. Nb3 Rc8 14. Nbd4 Bg6 15.
Nh4 Ne5 16. f4 Ned7 17. Nxg6 hxg6 18. Nc6 Qc7 19. Bf3 Nb8 20. Rc1 Qd7 21. Ne5
Rxc1 22. Qxc1 Qc7 23. Qa1 Bxe5 24. Bxe5 Qe7 25. Rc1 Qd8 26. Bc7 Qe7 27. Bxb6
Qb4 28. Bc5 1-0

[Event "Steinegg - Merania"]
[Site "?"]
[Date "2016.11.19"]
[Round "2.5"]
[White "Tomisich, Claudio"]
[Black "Lantschner, Carmen"]
[Result "1/2-1/2"]
[WhiteElo "1495"]
[BlackElo "1630"]
[PlyCount "81"]
[EventDate "2016.11.19"]

1. e4 d6 2. d4 g6 3. Nc3 Bg7 4. Nf3 Nf6 5. Be2 c5 6. dxc5 Qa5 7. O-O Qxc5 8. a3
Bd7 9. Be3 Qc8 10. h3 Nc6 11. Qd2 O-O 12. Bh6 Be6 13. Bxg7 Kxg7 14. Qe3 a6 15.
Rad1 Qc7 16. Nd5 Bxd5 17. exd5 Nb8 18. c4 Re8 19. Qc3 Nbd7 20. Bd3 Rac8 21. Rc1
Ne5 22. Nxe5 dxe5 23. Rfe1 Nd7 24. f4 f6 25. f5 Nc5 26. fxg6 Qb6 27. Kh1 Nxd3
28. Qxd3 Qxb2 29. gxh7 Qf2 30. Re3 Qh4 31. Rg3+ Kh8 32. Rf1 Qxh7 33. Qe2 Rg8
34. Rb3 Rc7 35. d6 exd6 36. Rxf6 Rg6 37. Rf8+ Kg7 38. Qf3 Qh6 39. Rb8 Qc1+ 40.
Kh2 Qf4+ 41. Qxf4 1/2-1/2

[Event "Klausen - Ridnaun"]
[Site "?"]
[Date "2016.11.26"]
[Round "2.1"]
[White "Aigner, Helmut"]
[Black "Seebacher, Michael"]
[Result "1/2-1/2"]
[WhiteElo "1856"]
[BlackElo "1856"]
[PlyCount "25"]
[EventDate "2016.11.26"]

1. e4 Nc6 2. d4 e5 3. d5 Nce7 4. c4 Nf6 5. Nc3 Ng6 6. Bd3 Bc5 7. a3 a5 8. Qe2
d6 9. Be3 b6 10. g3 O-O 11. h4 Bxe3 12. Qxe3 Ng4 13. Qd2 1/2-1/2

[Event "Arci - Deutschnofen"]
[Site "?"]
[Date "2016.12.03"]
[Round "3.1"]
[White "Manca, Federico"]
[Black "Olivetti, Davide"]
[Result "1-0"]
[WhiteElo "2387"]
[BlackElo "2095"]
[PlyCount "48"]
[EventDate "2016.12.03"]

1. e4 c5 2. c3 Nf6 3. e5 Nd5 4. Nf3 Nc6 5. Bc4 Nb6 6. Bb3 d6 7. exd6 Qxd6 8. d4
cxd4 9. O-O Bf5 10. Nxd4 Nxd4 11. cxd4 e6 12. Nc3 Be7 13. Qf3 O-O 14. Be3 Qd7
15. Rad1 Rac8 16. d5 e5 17. d6 Bf6 18. h3 Nc4 19. Ba4 Qe6 20. d7 Rc7 21. Nd5
Nxb2 22. Nxc7 Nxd1 23. Qxd1 Qb6 24. Bxb6 axb6 1-0

[Event "Arci - Deutschnofen"]
[Site "?"]
[Date "2016.12.03"]
[Round "3.2"]
[White "De Vita, Gianni"]
[Black "Dappiano, Andrea"]
[Result "0-1"]
[WhiteElo "1941"]
[BlackElo "2237"]
[PlyCount "82"]
[EventDate "2016.12.03"]

1. e4 e6 2. d4 d5 3. exd5 exd5 4. Nf3 Bd6 5. c4 c6 6. Nc3 Ne7 7. Bd3 dxc4 8.
Bxc4 O-O 9. O-O Nd7 10. Bg5 Nb6 11. Bd3 f6 12. Bh4 Bf5 13. Ne4 Qd7 14. Nxd6
Bxd3 15. Qxd3 Qxd6 16. Rfe1 Rfe8 17. Bg3 Qd7 18. Rad1 Nf5 19. Bf4 Nd5 20. Bd2
Nd6 21. h3 Rxe1+ 22. Nxe1 Re8 23. Nc2 Qf5 24. Qxf5 Nxf5 25. Kf1 Kf7 26. Rb1 h5
27. b4 Nd6 28. Ne3 Ne4 29. Be1 Nxe3+ 30. fxe3 Nd6 31. Bd2 b5 32. Ke2 f5 33. Kd3
g5 34. g4 hxg4 35. hxg4 fxg4 36. Rc1 Nc4 37. Rg1 Rd8 38. Ke2 Rh8 39. Rg2 g3 40.
Rxg3 Rh2+ 41. Kf3 Rxd2 0-1

[Event "Arci - Deutschnofen"]
[Site "?"]
[Date "2016.12.03"]
[Round "3.3"]
[White "Micheli, Carlo"]
[Black "Adzic, Ranko"]
[Result "1-0"]
[WhiteElo "2240"]
[BlackElo "1893"]
[PlyCount "67"]
[EventDate "2016.12.03"]

1. c4 Nf6 2. g3 d6 3. Bg2 g6 4. Nc3 Bg7 5. e4 e5 6. Nge2 Be6 7. d3 O-O 8. h3
Nc6 9. O-O Nd7 10. f4 f5 11. Nd5 Rb8 12. Rb1 a5 13. a3 Nd4 14. b4 Nxe2+ 15.
Qxe2 c6 16. Ne3 fxe4 17. dxe4 axb4 18. f5 Bf7 19. axb4 b5 20. cxb5 Rxb5 21. Rd1
Qb8 22. Qd2 gxf5 23. Nxf5 Qa7+ 24. Kh2 d5 25. Qg5 Bg6 26. Ne7+ Kh8 27. Nxg6+
hxg6 28. exd5 cxd5 29. Rxd5 Rf2 30. Rd2 Nf6 31. Qxg6 Nd5 32. Qh5+ Kg8 33. Qe8+
Kh7 34. Qxb5 1-0

[Event "Arci - Deutschnofen"]
[Site "?"]
[Date "2016.12.03"]
[Round "3.4"]
[White "Romaniello, Domenico"]
[Black "Tonina, Filippo"]
[Result "0-1"]
[WhiteElo "1530"]
[BlackElo "1980"]
[PlyCount "98"]
[EventDate "2016.12.03"]

1. Nf3 d6 2. d4 Bg4 3. Nbd2 g6 4. b3 Bg7 5. Bb2 c5 6. c3 cxd4 7. cxd4 Nc6 8. e3
Nf6 9. Be2 O-O 10. O-O Nd7 11. Ne4 d5 12. Ng3 e6 13. Qd2 f5 14. Rac1 Qe7 15.
Rfe1 Rac8 16. h3 Bxf3 17. Bxf3 Nf6 18. Ne2 g5 19. Ng3 Qf7 20. Ba3 Rfd8 21. Qe2
Ne7 22. Qb5 Nc6 23. Rc2 h5 24. Rec1 h4 25. Nh1 Rc7 26. Bc5 Rcd7 27. Qa4 e5 28.
b4 Ne4 29. b5 Ne7 30. Bxa7 exd4 31. Bxd4 Ng6 32. Bh5 Qe6 33. b6 Ne5 34. Rc7 g4
35. Rxd7 Rxd7 36. Rc7 Nc6 37. Qa8+ Nd8 38. hxg4 Bxd4 39. gxf5 Qxf5 40. exd4 h3
41. Rxd7 h2+ 42. Kf1 Qxd7 43. Qa5 Qc6 44. Qe1 Ne6 45. Qd1 Qxb6 46. Qg4+ Kf8 47.
Qf5+ Ke7 48. Qf7+ Kd6 49. Qf3 Nd2+ 0-1

[Event "Arci - Deutschnofen"]
[Site "?"]
[Date "2016.12.03"]
[Round "3.5"]
[White "Thurner, Markus"]
[Black "Rinaldo, Gaetano"]
[Result "1/2-1/2"]
[WhiteElo "1909"]
[BlackElo "1668"]
[PlyCount "84"]
[EventDate "2016.12.03"]

1. e4 e6 2. d4 d5 3. exd5 exd5 4. Bd3 Nc6 5. c3 Nf6 6. Bg5 Be7 7. Nf3 Bg4 8.
Nbd2 O-O 9. O-O Re8 10. Re1 h6 11. Bf4 Nh5 12. Bg3 Nxg3 13. hxg3 Qd7 14. Qc2
Bf6 15. Nh2 Be6 16. Ndf3 Qd6 17. Re2 Bd7 18. Rae1 Rxe2 19. Rxe2 Re8 20. Rxe8+
Bxe8 21. Ng4 Bd8 22. Ne3 Ne7 23. Qb3 b6 24. Bb1 c6 25. Qc2 Qg6 26. Qd1 Qe6 27.
Qd3 Qg6 28. Qf1 Qe6 29. Qa6 Qd7 30. Ne5 Qc7 31. Qd3 g6 32. N5g4 Kg7 33. Qd2 Ng8
34. Nf1 Qe7 35. Ne5 f6 36. Nd3 Bc7 37. Qc2 Qe4 38. Qd1 Qe7 39. Qc2 Qe4 40. Qa4
a5 41. Nf4 Qe1 42. Qc2 Ne7 1/2-1/2

[Event "Arci - Deutschnofen"]
[Site "?"]
[Date "2016.12.03"]
[Round "3.6"]
[White "D'Ambrosio, Luca"]
[Black "Gibitz, Othmar"]
[Result "1/2-1/2"]
[WhiteElo "1731"]
[BlackElo "1710"]
[PlyCount "124"]
[EventDate "2016.12.03"]

1. d4 d5 2. Nf3 c5 3. dxc5 e6 4. e3 Bxc5 5. Be2 Nf6 6. O-O O-O 7. c4 Nc6 8. Nc3
Re8 9. cxd5 exd5 10. Nb5 a6 11. Nbd4 Nxd4 12. Nxd4 Qb6 13. Nb3 Bf8 14. Qd4 Qxd4
15. Nxd4 Be6 16. b3 Rac8 17. Bb2 Rc7 18. Rac1 Rec8 19. Rxc7 Rxc7 20. Rc1 Rxc1+
21. Bxc1 Bc5 22. Bb2 Bxd4 23. Bxd4 Nd7 24. Bd3 f6 25. Kf1 Ne5 26. Bb1 Kf7 27.
Ke1 g6 28. h3 Bd7 29. Kd2 Bb5 30. h4 Bf1 31. g3 Ke6 32. Bb6 Nc6 33. h5 f5 34.
hxg6 hxg6 35. g4 Bb5 36. gxf5+ gxf5 37. f4 Bf1 38. a3 Ne7 39. Kc3 Nc6 40. Bc2
Be2 41. Bd3 Bxd3 42. Kxd3 Kd6 43. Kc3 Kd7 44. b4 Kd6 45. Kb3 Nb8 46. Ba7 Nd7
47. a4 b5 48. axb5 axb5 49. Kc3 Kc6 50. Kd4 Kd6 51. Kd3 Kc6 52. Ke2 Kd6 53. Kf3
Ke6 54. Bd4 Nb8 55. Kg3 Nd7 56. Kh4 Nf8 57. Kg5 Nd7 58. Kg6 Nb8 59. Kg7 Nd7 60.
Ba7 Ke7 61. Kg6 Ke6 62. Bd4 Nf8+ 1/2-1/2

[Event "Brixen/Milland - Groeden"]
[Site "?"]
[Date "2016.12.03"]
[Round "3.1"]
[White "Seresin, Francesco"]
[Black "Sader, Michael"]
[Result "1/2-1/2"]
[WhiteElo "2102"]
[BlackElo "2116"]
[PlyCount "108"]
[EventDate "2016.12.03"]

1. d4 Nf6 2. c4 c6 3. Nc3 d5 4. Nf3 g6 5. cxd5 Nxd5 6. g3 Bg7 7. Bg2 O-O 8. O-O
Nb6 9. Bf4 N8d7 10. Rc1 Nf6 11. e4 Nh5 12. Be3 Nc4 13. Qe2 Nxe3 14. Qxe3 Nf6
15. h3 Qa5 16. Nd2 Nd7 17. Nb3 Qb6 18. e5 e6 19. Ne4 Qd8 20. Nbc5 Nb6 21. Nd6
Qe7 22. Qb3 Rb8 23. Qa3 Ra8 24. b4 a6 25. Qa5 Nd5 26. Bxd5 exd5 27. Nxc8 Raxc8
28. Qb6 Rb8 29. Nd3 f6 30. f4 fxe5 31. Nxe5 g5 32. Qc5 Qe6 33. Kh2 gxf4 34.
Rxf4 Bxe5 35. dxe5 Qxe5 36. Rcf1 Rxf4 37. gxf4 Qf6 38. Qa7 Rd8 39. Qe3 d4 40.
Qd3 Kh8 41. a3 Rg8 42. Qe4 Qg7 43. Qe5 b6 44. Rc1 Qxe5 45. fxe5 Rc8 46. Kg2 c5
47. bxc5 bxc5 48. Rc4 Kg7 49. Kf3 Kf7 50. Ke4 Ke6 51. Rc1 d3 52. Kxd3 Kd5 53.
Ke3 Rf8 54. Rd1+ Kxe5 1/2-1/2

[Event "Brixen/Milland - Groeden"]
[Site "?"]
[Date "2016.12.03"]
[Round "3.2"]
[White "Brenninger, Daniel"]
[Black "Moroder, Stephan"]
[Result "1/2-1/2"]
[WhiteElo "2077"]
[BlackElo "2153"]
[PlyCount "25"]
[EventDate "2016.12.03"]

1. e4 c5 2. Nf3 d6 3. d4 cxd4 4. Nxd4 Nf6 5. f3 e5 6. Nb3 d5 7. Bg5 Be6 8. Bb5+
Nc6 9. Qe2 Qc7 10. N1d2 a6 11. exd5 Nxd5 12. Bxc6+ bxc6 13. O-O 1/2-1/2

[Event "Brixen/Milland - Groeden"]
[Site "?"]
[Date "2016.12.03"]
[Round "3.3"]
[White "Rainer, Demetz"]
[Black "Kofler, Thomas"]
[Result "1-0"]
[WhiteElo "2173"]
[BlackElo "1940"]
[PlyCount "97"]
[EventDate "2016.12.03"]

1. e4 d6 2. d4 Nf6 3. Nc3 Nbd7 4. g3 e5 5. Nge2 c6 6. a4 Be7 7. Bg2 Qc7 8. h3
Nf8 9. O-O Ng6 10. Be3 h5 11. f4 h4 12. dxe5 dxe5 13. f5 Nf8 14. g4 N6h7 15.
Kh1 Bg5 16. Bf2 Nf6 17. Nc1 Qe7 18. Nd3 b6 19. a5 Rb8 20. axb6 axb6 21. Na4
N8d7 22. Qe1 Ba6 23. Nxb6 Bxd3 24. cxd3 Rxb6 25. Bxb6 Nxb6 26. Qc3 c5 27. Ra6
Nfd7 28. Rb1 O-O 29. b4 Be3 30. bxc5 Bxc5 31. Qd2 Bd4 32. g5 Qc5 33. Ra5 Bc3
34. Rxc5 Bxd2 35. Rc6 Be3 36. Bf3 Ra8 37. g6 Ra3 38. Bd1 fxg6 39. fxg6 Rxd3 40.
Bb3+ Kf8 41. Bf7 Ke7 42. Re6+ Kd8 43. Re8+ Kc7 44. Rb3 Rxb3 45. Bxb3 Bg5 46.
Kg2 Nc8 47. Re6 Bf6 48. Ra6 Nf8 49. Rxf6 1-0

[Event "Brixen/Milland - Groeden"]
[Site "?"]
[Date "2016.12.03"]
[Round "3.4"]
[White "Kofler, Oswald"]
[Black "Bernardi, Ruben"]
[Result "0-1"]
[WhiteElo "1839"]
[BlackElo "2135"]
[PlyCount "152"]
[EventDate "2016.12.03"]

1. e4 e6 2. d4 d5 3. exd5 exd5 4. Nf3 Bd6 5. c3 Ne7 6. Bd3 Bg4 7. Be3 Nbc6 8.
Nbd2 Qd7 9. h3 Bh5 10. Qc2 f6 11. O-O-O O-O-O 12. Rde1 g5 13. g4 Bg6 14. Ng1
Rdg8 15. Ne2 h5 16. f3 Rg7 17. Bf2 Bxd3 18. Qxd3 Rgh7 19. Nb3 b6 20. Qa6+ Kd8
21. Qd3 hxg4 22. fxg4 Rh6 23. Qf3 Kc8 24. Ng1 Ng6 25. Bg3 Bf4+ 26. Bxf4 Nxf4
27. Re3 Nd8 28. Qd1 Nf7 29. Qf1 Nd6 30. Qf3 Nc4 31. Re1 Qh7 32. Rd1 Re8 33. Rh2
Re3 34. Qf1 Qe4 35. Na1 Nd3+ 36. Rxd3 Re1+ 37. Qxe1 Qxe1+ 38. Rd1 Qe3+ 39. Kb1
f5 40. Re2 Qf4 41. gxf5 Qxf5+ 42. Nc2 Rh4 43. b3 Nd6 44. Re5 Qf2 45. Re2 Qf7
46. Ne3 Rf4 47. Rde1 Ne4 48. Kc2 Kb7 49. c4 Ng3 50. Rd2 dxc4 51. bxc4 Nf1 52.
Nxf1 Rxf1 53. Rxf1 Qxc4+ 54. Kb2 Qxf1 55. Ne2 Qxh3 56. Kc2 Qf5+ 57. Kc3 Qf3+
58. Kc2 g4 59. Ng1 Qf5+ 60. Kc3 g3 61. Ne2 Qf3+ 62. Kc2 g2 63. Kc1 Qxe2 64.
Rxe2 g1=Q+ 65. Kc2 Qxd4 66. Rd2 Qc4+ 67. Kb2 a5 68. Rc2 Qb4+ 69. Kc1 a4 70. Rd2
a3 71. Re2 Qc3+ 72. Kb1 Qd3+ 73. Rc2 b5 74. Kc1 Qe3+ 75. Rd2 b4 76. Kb1 Qxd2
0-1

[Event "Brixen/Milland - Groeden"]
[Site "?"]
[Date "2016.12.03"]
[Round "3.5"]
[White "Moroder, Thomas"]
[Black "Wisthaler, Lukas"]
[Result "1-0"]
[WhiteElo "1982"]
[BlackElo "1788"]
[PlyCount "93"]
[EventDate "2016.12.03"]

1. e4 c5 2. Nf3 e6 3. c4 a6 4. Nc3 Nc6 5. Be2 d6 6. O-O Nf6 7. d4 cxd4 8. Nxd4
Qc7 9. Be3 Be7 10. Rc1 Nxd4 11. Qxd4 O-O 12. f3 Nd7 13. Rfd1 Rd8 14. Bf1 Rb8
15. Qd2 b6 16. Qf2 Bb7 17. b4 Ba8 18. Na4 Qa7 19. a3 Bc6 20. Nc3 Ne5 21. h3 Be8
22. f4 Nd7 23. Bd3 Qb7 24. g4 h6 25. Qe2 Bf6 26. Bb1 Qc7 27. Qd3 Bxc3 28. Rxc3
Nf8 29. Rdc1 e5 30. f5 Nd7 31. Ba2 Nf6 32. g5 hxg5 33. Bxg5 Bc6 34. Re1 Qb7 35.
Bb1 Kf8 36. b5 Be8 37. Rd1 Ra8 38. a4 Qc7 39. Bc1 Ke7 40. Qf3 a5 41. Ba3 Rd7
42. Qg3 Nh5 43. Qxe5+ Kf8 44. Bxd6+ Rxd6 45. Qxd6+ Qxd6 46. Rxd6 Nf4 47. Rf3
1-0

[Event "Brixen/Milland - Groeden"]
[Site "?"]
[Date "2016.12.03"]
[Round "3.6"]
[White "Hellweg, Stephan"]
[Black "Grossi, Christian"]
[Result "0-1"]
[WhiteElo "1736"]
[BlackElo "1761"]
[PlyCount "42"]
[EventDate "2016.12.03"]

1. e4 g6 2. Nf3 Bg7 3. c3 d6 4. Be2 Nf6 5. d3 O-O 6. O-O c5 7. h3 Nc6 8. Bf4
Qb6 9. Qb3 Be6 10. Qxb6 axb6 11. a3 d5 12. Nbd2 b5 13. Bh2 b4 14. axb4 dxe4 15.
dxe4 cxb4 16. c4 Nd7 17. Rxa8 Rxa8 18. b3 Ra2 19. Rd1 Nc5 20. Kf1 Rb2 21. Ra1
Rxd2 0-1

[Event "Ehrenburg - Gries"]
[Site "?"]
[Date "2016.12.03"]
[Round "3.1"]
[White "Spornberger, Maximilian"]
[Black "Hengl, Christian"]
[Result "1-0"]
[WhiteElo "2322"]
[BlackElo "2167"]
[PlyCount "63"]
[EventDate "2016.12.03"]

1. d4 d5 2. Bf4 c5 3. e3 Nc6 4. c3 Nf6 5. Nd2 e6 6. Ngf3 Bd6 7. Bg3 Qe7 8. Bd3
O-O 9. Ne5 g6 10. Qe2 Bxe5 11. dxe5 Nh5 12. Nf3 Nxg3 13. hxg3 f5 14. exf6 Qxf6
15. e4 Ne5 16. Nxe5 Qxe5 17. f4 Qg7 18. e5 Bd7 19. O-O-O Be8 20. Rh3 Rc8 21.
Qg4 Bf7 22. Qg5 Rc7 23. Rh6 c4 24. Bc2 b5 25. Rdh1 Be8 26. Qg4 Re7 27. Rxh7
Qxh7 28. Rxh7 Rxh7 29. Bxg6 Rh1+ 30. Kd2 Bxg6 31. Qxg6+ Kh8 32. Qxe6 1-0

[Event "Ehrenburg - Gries"]
[Site "?"]
[Date "2016.12.03"]
[Round "3.2"]
[White "Jedinger, Andreas"]
[Black "Spornberger, Andre"]
[Result "0-1"]
[WhiteElo "2124"]
[BlackElo "2187"]
[PlyCount "122"]
[EventDate "2016.12.03"]

1. c4 e6 2. Nf3 f5 3. g3 Nf6 4. Bg2 d5 5. O-O c6 6. d3 dxc4 7. dxc4 Qxd1 8.
Rxd1 Nbd7 9. Nd4 Ne5 10. b3 Bd7 11. Bb2 Ng6 12. Nc3 Bc5 13. e4 O-O 14. exf5
exf5 15. Na4 Be7 16. Re1 Rfe8 17. Rad1 Rad8 18. Bh3 f4 19. Bxd7 Rxd7 20. Nf5
Rxd1 21. Rxd1 Kf7 22. Kg2 Bf8 23. Nd6+ Bxd6 24. Rxd6 fxg3 25. hxg3 Ne5 26. Bxe5
Rxe5 27. Nc3 Re1 28. Rd2 Ke6 29. Kf3 g5 30. Kg2 h5 31. f3 Rc1 32. Ne2 Ra1 33.
Nc3 g4 34. Ne2 Kf5 35. Nc3 gxf3+ 36. Kxf3 Ng4 37. Nd1 a5 38. Ne3+ Nxe3 39. Kxe3
Kg4 40. Rh2 Re1+ 41. Kd4 b6 42. Rh4+ Kg5 43. Kd3 Rg1 44. Rh3 a4 45. Kc3 Rg2 46.
bxa4 Rxa2 47. Kb3 Rf2 48. Kc3 c5 49. Kb3 Rf3+ 50. Kb2 Re3 51. Kc2 Ra3 52. Kb2
Rxa4 53. Kb3 Rb4+ 54. Kc3 Rb1 55. Kc2 Re1 56. Kd3 Re8 57. Rh4 Re5 58. Kd2 Re8
59. Kd3 Rd8+ 60. Kc3 Rf8 61. Rh3 Rf5 0-1

[Event "Ehrenburg - Gries"]
[Site "?"]
[Date "2016.12.03"]
[Round "3.3"]
[White "Zammarchi, Massimo"]
[Black "Babinetz, Rainer"]
[Result "1-0"]
[WhiteElo "1947"]
[BlackElo "1967"]
[PlyCount "101"]
[EventDate "2016.12.03"]

1. e4 Nf6 2. e5 Nd5 3. c4 Nb6 4. d4 d6 5. f4 dxe5 6. fxe5 Nc6 7. Be3 Bf5 8. Nc3
e6 9. Nf3 Be7 10. d5 exd5 11. cxd5 Nb4 12. Nd4 Bd7 13. e6 fxe6 14. dxe6 Bc6 15.
Qg4 O-O 16. O-O-O N4d5 17. Bh6 g6 18. Bxf8 Qxf8 19. Nxd5 Bxd5 20. Kb1 c5 21.
Nb5 Bc6 22. Nc3 a6 23. Bd3 Qg7 24. Rhf1 Bf6 25. Ne4 Be5 26. Rf7 Qh6 27. Nf6+
Bxf6 28. Rxf6 Rf8 29. Rxf8+ Qxf8 30. Rf1 Qh6 31. e7 Kg7 32. Qe6 Qd2 33. Qf6+
Kh6 34. Qf4+ Qxf4 35. Rxf4 Nd5 36. Rf7 Nc7 37. g3 Be8 38. Rf8 Kg7 39. Be4 b6
40. Kc2 Ba4+ 41. b3 Be8 42. g4 b5 43. g5 a5 44. Kc3 b4+ 45. Kd2 a4 46. Bd3 h6
47. gxh6+ Kxh6 48. Rxe8 axb3 49. axb3 Nxe8 50. Bb5 c4 51. Bxc4 1-0

[Event "Ehrenburg - Gries"]
[Site "?"]
[Date "2016.12.03"]
[Round "3.4"]
[White "Gruber, Alexander"]
[Black "Niederstaetter, Harald"]
[Result "1/2-1/2"]
[WhiteElo "1778"]
[BlackElo "1936"]
[PlyCount "87"]
[EventDate "2016.12.03"]

1. e4 c5 2. Nf3 Nc6 3. d3 g6 4. g3 Bg7 5. Bg2 d6 6. O-O e5 7. c4 Nge7 8. Nc3
O-O 9. Be3 h6 10. Nd2 Be6 11. f4 Qd7 12. Nf3 Kh7 13. Qd2 Rae8 14. Rf2 f5 15.
fxe5 Nxe5 16. Nxe5 Bxe5 17. Bxh6 Rf7 18. Raf1 Nc6 19. Be3 Bg7 20. Kh1 Ne5 21.
exf5 Bxf5 22. Ne4 Bxe4 23. Bxe4 Rxf2 24. Bxf2 Rf8 25. Kg2 Ng4 26. Qg5 Qe6 27.
Bg1 Bh6 28. Qd5 Qxd5 29. Bxd5 Ne3+ 30. Bxe3 Rxf1 31. Kxf1 Bxe3 32. Bxb7 Kg7 33.
Ke2 Bc1 34. b3 Kf6 35. h4 Bb2 36. Kf3 Bc3 37. Bc6 Be1 38. Be8 a5 39. h5 gxh5
40. Bxh5 Ke5 41. g4 Bh4 42. Kg2 Bg5 43. Bg6 Kd4 44. Kf3 1/2-1/2

[Event "Ehrenburg - Gries"]
[Site "?"]
[Date "2016.12.03"]
[Round "3.5"]
[White "Fongarolli, Diego"]
[Black "Flatscher, Tobias"]
[Result "1/2-1/2"]
[WhiteElo "1926"]
[BlackElo "1750"]
[PlyCount "28"]
[EventDate "2016.12.03"]

1. e4 e5 2. Nf3 Nc6 3. Bb5 a6 4. Bxc6 dxc6 5. O-O Bd6 6. d4 exd4 7. Qxd4 f6 8.
Be3 Be6 9. Nbd2 Ne7 10. Nb3 b6 11. c4 c5 12. Qc3 Nc6 13. Rad1 Qe7 14. Rfe1 O-O
1/2-1/2

[Event "Ehrenburg - Gries"]
[Site "?"]
[Date "2016.12.03"]
[Round "3.6"]
[White "Mairhofer, Rene"]
[Black "Paulmichl, Martin"]
[Result "1/2-1/2"]
[WhiteElo "1663"]
[BlackElo "1889"]
[PlyCount "57"]
[EventDate "2016.12.03"]

1. e4 c6 2. d4 d5 3. Nc3 dxe4 4. Nxe4 Nf6 5. Nxf6+ gxf6 6. Nf3 Bg4 7. Be2 Nd7
8. Bf4 e6 9. Qd2 Qb6 10. O-O Rg8 11. c4 c5 12. d5 e5 13. Bg3 O-O-O 14. Nh4 Qb4
15. Qxb4 cxb4 16. f3 Bc5+ 17. Bf2 Bh5 18. Bd3 Bg6 19. Bf5 Kc7 20. Nxg6 fxg6 21.
Bxd7 Bxf2+ 22. Kxf2 Rxd7 23. a3 bxa3 24. Rxa3 a6 25. b4 Rd6 26. Rd1 Rgd8 27.
Rad3 Rb6 28. Rb1 a5 29. Rdb3 1/2-1/2

[Event "Kaltern/Tramin - Bruneck"]
[Site "?"]
[Date "2016.12.03"]
[Round "3.1"]
[White "Luciani, Valerio"]
[Black "Bertagnolli, Alexander"]
[Result "0-1"]
[WhiteElo "2178"]
[BlackElo "2407"]
[PlyCount "82"]
[EventDate "2016.12.03"]

1. d4 Nf6 2. c4 e5 3. dxe5 Ng4 4. Bf4 g5 5. Bg3 Bg7 6. Nf3 Nc6 7. Nc3 Ngxe5 8.
Nxe5 Nxe5 9. e3 d6 10. c5 O-O 11. cxd6 cxd6 12. h4 g4 13. h5 Qa5 14. Be2 Be6
15. h6 Bf6 16. Kf1 Nc4 17. Bxc4 Bxc4+ 18. Kg1 Qf5 19. e4 Qg6 20. Qd2 Rac8 21.
Bf4 Rfe8 22. Re1 b5 23. a3 a5 24. Qxd6 Rcd8 25. Qb6 Re6 26. Qxa5 Rde8 27. e5
Bd8 28. Qa7 Bb6 29. Qb7 g3 30. Bxg3 Qxg3 31. Qxb6 Qxc3 32. bxc3 Rxb6 33. Rh4
Rbe6 34. Re3 Rxe5 35. Rg3+ Kf8 36. a4 Re4 37. Rxe4 Rxe4 38. axb5 Bxb5 39. Rg7
Bd3 40. g4 Re6 41. g5 Rc6 0-1

[Event "Kaltern/Tramin - Bruneck"]
[Site "?"]
[Date "2016.12.03"]
[Round "3.2"]
[White "Paltrinieri, Nicholas"]
[Black "Moling, Patrick"]
[Result "1-0"]
[WhiteElo "2232"]
[BlackElo "2077"]
[PlyCount "95"]
[EventDate "2016.12.03"]

1. d4 Nf6 2. Bg5 Ne4 3. h4 c6 4. Nd2 Nxg5 5. hxg5 g6 6. c3 d6 7. e4 Bg7 8. Ngf3
Na6 9. Qc2 Nc7 10. O-O-O b5 11. Bd3 e5 12. Rh2 Ne6 13. d5 cxd5 14. Bxb5+ Kf8
15. Bc6 Rb8 16. Bxd5 Nxg5 17. Nxg5 Qxg5 18. Kb1 Qe7 19. Nc4 Qc7 20. Ne3 Bf6 21.
Bb3 Bb7 22. Rh3 h5 23. Rf3 Kg7 24. g4 Rbf8 25. gxh5 Rxh5 26. Bd5 Bc8 27. Rg1
Bg5 28. Qe2 Bf4 29. Rxf4 exf4 30. Qxh5 fxe3 31. f4 Rh8 32. Qe2 Rh3 33. f5 Qe7
34. Qg4 Qh4 35. Qxh4 Rxh4 36. fxg6 fxg6 37. Re1 Rh3 38. b4 Kf6 39. Kc2 Ke5 40.
Kd3 Kf4 41. b5 g5 42. a4 g4 43. a5 g3 44. b6 axb6 45. axb6 Rh7 46. Rf1+ Kg4 47.
Kxe3 Rg7 48. Rf8 1-0